000 00824nam a22002177a 4500
999 _c64532
_d64532
005 20240530110736.0
008 180415s2007 ua a g b 000 0 ara d
017 _bمصر. دار الكتب
_a2007/3659
020 _a9771804774
040 _aEG-CaGPL
_cEG-CaGPL
082 0 4 _221
_a189.16\
_bص ا
245 1 0 _aابن خلدون فى دراسات عصرية /
_cصلاح رسلان( واخ ... ) ؛ مصطفى لبيب عبدالغنى ؛ تصدير محمد صابر عرب
250 _aط.1
260 _aالقاهرة :
_bمطبعة دار الكتب و الوثائق القومية بالقاهرة ،
_c2007 .
300 _a214 ص. ؛
_c24 سم.
600 0 _aابن خلدون
651 _2qrmak
700 0 _aصلاح رسلان
942 _2ddc
_cBK